Soviet Russia after ten years, (Record no. 89810)
[ view plain ]
| 000 -LEADER | |
|---|---|
| fixed length control field | 00849cam a22002171 4500 |
| 001 - CONTROL NUMBER | |
| control field | sd 34000122 |
| 003 - CONTROL NUMBER IDENTIFIER | |
| control field | DLC |
| 005 - DATE AND TIME OF LATEST TRANSACTION | |
| control field | 20260227112732.0 |
| 008 - FIXED-LENGTH DATA ELEMENTS--GENERAL INFORMATION | |
| fixed length control field | 791024s1927 nyu 000 0 eng c |
| 010 ## - LIBRARY OF CONGRESS CONTROL NUMBER | |
| LC control number | sd 34000122 |
| 035 ## - SYSTEM CONTROL NUMBER | |
| System control number | (OCoLC)5581174 |
| 040 ## - CATALOGING SOURCE | |
| Original cataloging agency | U. S. Dept. of State. Library |
| Transcribing agency | Vi |
| Modifying agency | OCoLC |
| -- | DLC |
| 042 ## - AUTHENTICATION CODE | |
| Authentication code | premarc |
| 050 00 - LIBRARY OF CONGRESS CALL NUMBER | |
| Classification number | DK266 |
| Item number | .M2 |
| 100 1# - MAIN ENTRY--PERSONAL NAME | |
| Personal name | McDonald, James G. |
| Fuller form of name | (James Grover), |
| Dates associated with a name | 1886-1964. |
| 245 10 - TITLE STATEMENT | |
| Title | Soviet Russia after ten years, |
| Statement of responsibility, etc. | discussed by James G. McDonald, Stuart Chase and Edmund A. Walsh. A stenographic report of the 99th New York luncheon discussion, Nov. 19, 1927, of the Foreign Policy Association. |
| 260 ## - PUBLICATION, DISTRIBUTION, ETC. | |
| Place of publication, distribution, etc. | New York, |
| Date of publication, distribution, etc. | 1927. |
| 300 ## - PHYSICAL DESCRIPTION | |
| Extent | 31 p. |
| Dimensions | 23 cm. |
| 410 20 - SERIES STATEMENT/ADDED ENTRY--CORPORATE NAME [OBSOLETE, CAN/MARC], [LOCAL, USA] | |
| Corporate name or jurisdiction name as entry element | Foreign Policy Association. |
| Title of a work | Pamphlet |
| Volume number/sequential designation | no. 47 Series 1927-28 |
| 651 #0 - SUBJECT ADDED ENTRY--GEOGRAPHIC NAME | |
| Geographic name | Soviet Union |
| General subdivision | Politics and government |
| Chronological subdivision | 1917-1936. |
No items available.